00453nam a2200145 a 450000100080000000500110000800800410001910000200006024500440008026001040012465000130022870000210024170000200026270000250028216891662012-04-30 2009 bl uuuu u00u1 u #d1 aCOSTA, N. de L. aCasca de Café na Alimentação Animal. aClicNews, 2009. Disponível em: <http://www.ClicNews.com.br.>. Acesso em: 20 fev. 2009.c2009 aPastagem1 aMAGALHÃES, J. A1 aTOWNSEND, C. R.1 aPEREIRA, R. G. de A.